LEADER 01087nam a22002651i 4500 001 991002234339707536 005 20030513154302.0 008 030925s1977 it |||||||||||||||||ita 035 $ab12260721-39ule_inst 035 $aARCHE-030831$9ExL 040 $aBiblioteca Interfacoltà$bita$cA.t.i. Arché s.c.r.l. Pandora Sicilia s.r.l. 082 04$a390.0945 100 1 $aEspa, Enzo$0452837 245 10$aBenedizioni nuziali sarde :$bdei parlanti la lingua sarda-logudorese /$cEnzo Espa 260 $a[Sassari] :$bpresso l'Istituto di filosofia,$c1977 300 $a39 p. ;$c25 cm. 440 0$aUniversità di Sassari.$pMemorie del Seminario di storia della filosofia della Facoltà di magistero ;$v3 650 4$aSardegna$xUsi e costumi 650 4$aLingua sarda 907 $a.b12260721$b02-04-14$c08-10-03 912 $a991002234339707536 945 $aLE002 D Ann. 915/2$g1$i2002000038531$lle002$o-$pE0.00$q-$rl$so $t0$u0$v0$w0$x0$y.i12651060$z08-10-03 996 $aBenedizioni nuziali sarde$9152117 997 $aUNISALENTO 998 $ale002$b08-10-03$cm$da $e-$fita$git $h0$i1